Statistiken für Alle Länder der Welt ohne Karte und ohne Übersicht

Klicken Sie hier um das Quiz zu spielen!

Allgemein

  • Dieses Quiz wurde 3.487 mal gespielt
  • Das Durchschnittsergebnis liegt bei 153 aus 196

Antwortstatistiken

LänderLand% Korrekt
?Deutschland
90%
?Vereinigte Staaten
90%
?Kanada
89%
?Frankreich
88%
?Russland
88%
?Schweden
88%
?Spanien
88%
?Finnland
87%
?Norwegen
87%
?Belgien
86%
?Brasilien
86%
?Mexiko
86%
?Niederlande
86%
?Österreich
86%
?Polen
86%
?Portugal
86%
?Schweiz
86%
?Ägypten
85%
?Andorra
85%
?Argentinien
85%
?Australien
85%
?Chile
85%
?China
85%
?Dänemark
85%
?Estland
85%
?Italien
85%
?Lettland
85%
?Litauen
85%
?Luxemburg
85%
?Irland
84%
?Island
84%
?Japan
84%
?Liechtenstein
84%
?Slowakei
84%
?Vereinigtes Königreich
84%
?Albanien
83%
?Belarus
83%
?Griechenland
83%
?Indien
83%
?Kroatien
83%
?Nordkorea
83%
?Slowenien
83%
?Südafrika
83%
?Südkorea
83%
?Tschechien
83%
?Ukraine
83%
?Algerien
82%
?Irak
82%
?Iran
82%
?Marokko
82%
?Neuseeland
82%
?Niger
82%
?Rumänien
82%
?Serbien
82%
?Türkei
82%
?Ungarn
82%
?Vatikanstadt
82%
?Afghanistan
81%
?Bosnien und
Herzegowina
81%
?Bulgarien
81%
?Kolumbien
81%
?Monaco
81%
?Peru
81%
?Uruguay
81%
?Demokratische
Republik Kongo
80%
?Indonesien
80%
?Israel
80%
?Kasachstan
80%
?Kosovo
80%
?Malta
80%
?Nigeria
80%
?Nordmazedonien
80%
?Pakistan
80%
?Panama
80%
?Republik Kongo
80%
?San Marino
80%
?Saudi-Arabien
80%
?Syrien
80%
?Bolivien
79%
?Ghana
79%
?Honduras
79%
?Jemen
79%
?Mongolei
79%
?Montenegro
79%
?Paraguay
79%
?Thailand
79%
?Venezuela
79%
?Zypern
79%
?Aserbaidschan
78%
?Costa Rica
78%
?Ecuador
78%
?Katar
78%
?Kuba
78%
?Oman
78%
?Sudan
78%
?Tunesien
78%
?Turkmenistan
78%
?Usbekistan
78%
?Vietnam
78%
?Angola
77%
?Armenien
77%
?Dominikanische
Republik
77%
?Elfenbeinküste
77%
?El Salvador
77%
?Georgien
77%
?Guatemala
77%
?Haiti
77%
?Jamaika
77%
?Laos
77%
?Libyen
77%
?Moldawien
77%
?Südsudan
77%
?Togo
77%
?Guinea
76%
?Kirgisistan
76%
?Lesotho
76%
?Libanon
76%
?Malaysia
76%
?Namibia
76%
?Nicaragua
76%
?Senegal
76%
?Suriname
76%
?Tadschikistan
76%
?Äthiopien
75%
?Bahamas
75%
?Belize
75%
?Eswatini
75%
?Fidschi
75%
?Guyana
75%
?Jordanien
75%
?Kambodscha
75%
?Kenia
75%
?Madagaskar
75%
?Mali
75%
?Myanmar
75%
?Nepal
75%
?Singapur
75%
?Somalia
75%
?Tschad
75%
?Vereinigte Arabische
Emirate
75%
?Bahrain
74%
?Bangladesch
74%
?Bhutan
74%
?Eritrea
74%
?Gambia
74%
?Kamerun
74%
?Mauretanien
74%
?Philippinen
74%
?Sri Lanka
74%
?St. Kitts und Nevis
74%
?St. Lucia
74%
?Taiwan
74%
?Uganda
74%
?Barbados
73%
?Benin
73%
?Guinea-Bissau
73%
?Kuwait
73%
?Malediven
73%
?Papua-Neuguinea
73%
?Ruanda
73%
?Seychellen
73%
?Simbabwe
73%
?St. Vincent und die
Grenadinen
73%
?Tansania
73%
?Trinidad und Tobago
73%
?Äquatorial-Guinea
72%
?Botswana
72%
?Dschibuti
72%
?Föderierte Staaten
von Mikronesien
72%
?Kap Verde
72%
?Mauritius
72%
?Osttimor
72%
?Sambia
72%
?Zentralafrikanische
Republik
72%
?Antigua und Barbuda
71%
?Brunei
71%
?Burundi
71%
?Dominica
71%
?Gabun
71%
?Liberia
71%
?Marshallinseln
71%
?Mosambik
71%
?Tonga
71%
?Tuvalu
71%
?Burkina Faso
70%
?Grenada
70%
?Komoren
70%
?Sierra Leone
70%
?Kiribati
69%
?Palau
69%
?Salomonen
69%
?Samoa
69%
?São Tomé und
Príncipe
68%
?Vanuatu
68%
?Malawi
67%
?Nauru
67%

Verteilung der Resultate

Perzentil nach korrekt beantworteten Fragen

Anzahl Personen mit jedem Resultat

Ihre Resultats-Entwicklung

Sie haben dieses Quiz noch nicht gespielt